Nihon Kanbungaku shi / (Record no. 34875)
[ view plain ]
| 000 -LEADER | |
|---|---|
| fixed length control field | 00857cam a2200253 a 4500 |
| 001 - CONTROL NUMBER | |
| control field | j 58006494 |
| 003 - CONTROL NUMBER IDENTIFIER | |
| control field | DLC |
| 005 - DATE AND TIME OF LATEST TRANSACTION | |
| control field | 20260227111518.0 |
| 008 - FIXED-LENGTH DATA ELEMENTS--GENERAL INFORMATION | |
| fixed length control field | 960912s1929 ja 000 0 jpn |
| 010 ## - LIBRARY OF CONGRESS CONTROL NUMBER | |
| LC control number | j 58006494 |
| 035 ## - SYSTEM CONTROL NUMBER | |
| System control number | (CStRLIN)DCLP96-B14833 |
| 040 ## - CATALOGING SOURCE | |
| Original cataloging agency | DLC |
| Transcribing agency | DLC-R |
| Modifying agency | DLC-R |
| -- | DLC |
| 043 ## - GEOGRAPHIC AREA CODE | |
| Geographic area code | a-ja--- |
| -- | a-cc--- |
| 050 00 - LIBRARY OF CONGRESS CALL NUMBER | |
| Classification number | PL3041 |
| Item number | .O4 1929 |
| 066 ## - CHARACTER SETS PRESENT | |
| Alternate G0 or G1 character set | $1 |
| 100 1# - MAIN ENTRY--PERSONAL NAME | |
| Linkage | 880-01 |
| Personal name | Okada, Masayuki, |
| Dates associated with a name | 1864-1927. |
| 245 10 - TITLE STATEMENT | |
| Linkage | 880-02 |
| Title | Nihon Kanbungaku shi / |
| Statement of responsibility, etc. | Okada Masayuki cho. |
| 260 ## - PUBLICATION, DISTRIBUTION, ETC. | |
| Linkage | 880-03 |
| Place of publication, distribution, etc. | Tōkyō : |
| Name of publisher, distributor, etc. | Kyōritsusha, |
| Date of publication, distribution, etc. | Shōwa 4 [1929] |
| 300 ## - PHYSICAL DESCRIPTION | |
| Extent | 680, [28] p. ; |
| Dimensions | 23 cm. |
| 650 #0 - SUBJECT ADDED ENTRY--TOPICAL TERM | |
| Topical term or geographic name entry element | Chinese literature |
| General subdivision | Japanese authors |
| -- | History and criticism. |
| 880 1# - ALTERNATE GRAPHIC REPRESENTATION | |
| Linkage | 100-01/$1 |
| a | 岡田正之, |
| d | 1864-1927. |
| 880 10 - ALTERNATE GRAPHIC REPRESENTATION | |
| Linkage | 245-02/$1 |
| a | 日本漢文學史 / |
| c | 岡田正之著. |
| 880 ## - ALTERNATE GRAPHIC REPRESENTATION | |
| Linkage | 260-03/$1 |
| a | 東京 : |
| b | 共立社, |
| c | 昭和 4 [1929] |
No items available.